000 00257nam a2200097Ia 4500
001 1173025
005 20250827012606.0
008 250824s9999 xx 000 0 und d
245 0 _aYENİ GELŞEN
_cDAVİD ALMOND
260 _bGÜNIŞIGI KİTAPLIĞI YAYINLARI
999 _c1173025
_d1173025